The prince of Egypt (Record no. 245868)
[ view plain ]
| 000 -LEADER | |
|---|---|
| fixed length control field | 03504cgm a2200673Ia 4500 |
| 001 - CONTROL NUMBER | |
| control field | ocm76281437 |
| 003 - CONTROL NUMBER IDENTIFIER | |
| control field | OCoLC |
| 005 - DATE AND TIME OF LATEST TRANSACTION | |
| control field | 20240213102333.0 |
| 007 - PHYSICAL DESCRIPTION FIXED FIELD--GENERAL INFORMATION | |
| fixed length control field | vd cvaizq |
| 008 - FIXED-LENGTH DATA ELEMENTS--GENERAL INFORMATION | |
| fixed length control field | 061117p20061998cau099 g vleng |
| 020 ## - INTERNATIONAL STANDARD BOOK NUMBER | |
| International Standard Book Number | 0783236743 |
| 020 ## - INTERNATIONAL STANDARD BOOK NUMBER | |
| International Standard Book Number | 9780783236742 |
| 024 1# - OTHER STANDARD IDENTIFIER | |
| Standard number or code | 667068485325 |
| 024 1# - OTHER STANDARD IDENTIFIER | |
| Standard number or code | 191329061015 |
| 028 42 - PUBLISHER NUMBER | |
| Publisher number | 84853 |
| Source | DreamWorks Home Entertainment |
| 028 42 - PUBLISHER NUMBER | |
| Publisher number | 46197004 |
| Source | Universal Pictures Home Entertainment |
| 040 ## - CATALOGING SOURCE | |
| Original cataloging agency | JST |
| Language of cataloging | eng |
| Transcribing agency | JST |
| Modifying agency | UOK |
| Description conventions | rda |
| 049 ## - LOCAL HOLDINGS (OCLC) | |
| Holding library | UOKA |
| 092 ## - LOCALLY ASSIGNED DEWEY CALL NUMBER (OCLC) | |
| Classification number | DVD J PRINCE |
| 999 ## - SYSTEM CONTROL NUMBERS (KOHA) | |
| Koha Dewey Subclass [OBSOLETE] | 02410522 |
| 245 04 - TITLE STATEMENT | |
| Title | The prince of Egypt |
| 264 #1 - Production, Publication, Distribution, Manufacture, and Copyright Notice. | |
| Place of production, publication, distribution, manufacture | Glendale, Calif. : |
| Name of producer, publisher, distributor, manufacturer | DreamWorks Home Entertainment ; |
| Place of production, publication, distribution, manufacture | Universal City, California : |
| Name of producer, publisher, distributor, manufacturer | distributed by Universal Pictures Home Entertainment, |
| Date of production, publication, distribution, manufacture, or copyr | 2006. |
| 300 ## - PHYSICAL DESCRIPTION | |
| Extent | 1 videodisc (99 min.) : |
| Other physical details | sound, color ; |
| Dimensions | 4 3/4 in. |
| 336 ## - Content Type | |
| Content type term | two-dimensional moving image |
| 337 ## - Media type | |
| Media type term | video |
| 338 ## - Carrier type | |
| Carrier type term | videodisc |
| 500 ## - GENERAL NOTE | |
| General note | Originally released as a motion picture in 1998. |
| 500 ## - GENERAL NOTE | |
| General note | Special features: Audio commentary with the directors ; making-of featurette ; featurette on dubbing the film into other languages ; basics of animation, Chariot race ; focus on technical effects ; art gallery ; 2 theatrical trailers ; cast and filmmakers' bios ; production notes. |
| 508 ## - CREATION/PRODUCTION CREDITS NOTE | |
| Creation/production credits note | Original songs by Stephen Schwartz ; score composed by Hans Zimmer ; art directors, Kathy Altieri, Richard Chavez ; production designer, Darek Gogol. |
| 511 0# - PARTICIPANT OR PERFORMER NOTE | |
| Participant or performer note | Voices: Val Kilmer, Ralph Fiennes, Michelle Pfeiffer, Sandra Bullock, Jeff Goldblum, Danny Glover, Patrick Stewart, Helen Mirren, Steve Martin, Martin Short. |
| 520 ## - SUMMARY, ETC. | |
| Summary, etc | A tale of two brothers, one born of royal blood, one an orphan with a secret past. Growing up the best of friends, they share a strong bond of free-spirited youth and good-natured rivalry. But the truth will ultimately set them apart, as one becomes the ruler of a powerful empire, the other is the chosen leader of his people. |
| 521 8# - TARGET AUDIENCE NOTE | |
| Target audience note | MPAA rating: Rated PG (for intense depiction of thematic events. |
| 538 ## - SYSTEM DETAILS NOTE | |
| System details note | DVD, region 1, widescreen (1.85:1) presentation, enhanced for widescreen TVs; Dolby digital 5.1 surround, Dolby digital 2.0 surround, dual layer. |
| 546 ## - LANGUAGE NOTE | |
| Language note | In English with optional English subtitles; closed-captioned. |
| 586 8# - AWARDS NOTE | |
| Awards note | Academy Awards, 1999: Best Music, Original Song (Stephen Schwartz for the song "When You Believe"). |
| 650 #0 - SUBJECT ADDED ENTRY--TOPICAL TERM | |
| Topical term or geographic name as entry element | Brothers |
| Form subdivision | Juvenile drama. |
| 9 (RLIN) | 5717216 |
| 650 #0 - SUBJECT ADDED ENTRY--TOPICAL TERM | |
| Topical term or geographic name as entry element | Sibling rivalry |
| Form subdivision | Juvenile drama. |
| 9 (RLIN) | 5783719 |
| 651 #0 - SUBJECT ADDED ENTRY--GEOGRAPHIC NAME | |
| Geographic name | Egypt |
| Form subdivision | Juvenile drama. |
| 9 (RLIN) | 5783720 |
| 655 #7 - INDEX TERM--GENRE/FORM | |
| Genre/form data or focus term | Feature films |
| Source of term | lcgft |
| 9 (RLIN) | 102699 |
| 655 #7 - INDEX TERM--GENRE/FORM | |
| Genre/form data or focus term | Animated films |
| Source of term | lcgft |
| 9 (RLIN) | 102635 |
| 655 #7 - INDEX TERM--GENRE/FORM | |
| Genre/form data or focus term | Children's films |
| Source of term | lcgft |
| 9 (RLIN) | 5674336 |
| 655 #7 - INDEX TERM--GENRE/FORM | |
| Genre/form data or focus term | Musical films |
| Source of term | lcgft |
| 9 (RLIN) | 102735 |
| 655 #7 - INDEX TERM--GENRE/FORM | |
| Genre/form data or focus term | Video recordings for the hearing impaired |
| Source of term | lcgft |
| 9 (RLIN) | 5783721 |
| 700 1# - ADDED ENTRY--PERSONAL NAME | |
| Personal name | Chapman, Brenda |
| 9 (RLIN) | 58171 |
| 700 1# - ADDED ENTRY--PERSONAL NAME | |
| Personal name | Hickner, Steve |
| 9 (RLIN) | 58172 |
| 700 1# - ADDED ENTRY--PERSONAL NAME | |
| Personal name | Wells, Simon |
| 9 (RLIN) | 58173 |
| 700 1# - ADDED ENTRY--PERSONAL NAME | |
| Personal name | LaZebnik, Philip |
| 9 (RLIN) | 5783722 |
| 700 1# - ADDED ENTRY--PERSONAL NAME | |
| Personal name | Kilmer, Val, |
| Dates associated with a name | 1959- |
| 9 (RLIN) | 38430 |
| 700 1# - ADDED ENTRY--PERSONAL NAME | |
| Personal name | Fiennes, Ralph |
| 9 (RLIN) | 60923 |
| 700 1# - ADDED ENTRY--PERSONAL NAME | |
| Personal name | Pfeiffer, Michelle, |
| Dates associated with a name | 1957- |
| 9 (RLIN) | 23739 |
| 700 1# - ADDED ENTRY--PERSONAL NAME | |
| Personal name | Bullock, Sandra. |
| 9 (RLIN) | 44469 |
| 700 1# - ADDED ENTRY--PERSONAL NAME | |
| Personal name | Goldblum, Jeff, |
| Dates associated with a name | 1952- |
| 9 (RLIN) | 60324 |
| 700 1# - ADDED ENTRY--PERSONAL NAME | |
| Personal name | Schwartz, Stephen |
| 9 (RLIN) | 29643 |
| 700 1# - ADDED ENTRY--PERSONAL NAME | |
| Personal name | Zimmer, Hans |
| 9 (RLIN) | 37194 |
| 710 2# - ADDED ENTRY--CORPORATE NAME | |
| Corporate name or jurisdiction name as entry element | Dreamworks Pictures |
| 9 (RLIN) | 64643 |
| 710 2# - ADDED ENTRY--CORPORATE NAME | |
| Corporate name or jurisdiction name as entry element | DreamWorks Home Entertainment (Firm) |
| 9 (RLIN) | 65518 |
| 710 2# - ADDED ENTRY--CORPORATE NAME | |
| Corporate name or jurisdiction name as entry element | Universal Pictures Home Entertainment (Firm) |
| 9 (RLIN) | 5718834 |
| 942 ## - ADDED ENTRY ELEMENTS (KOHA) | |
| Source of classification or shelving scheme | Dewey Decimal Classification |
| Koha item type | DVD |
| Withdrawn status | Lost status | Source of classification or shelving scheme | Damaged status | Not for loan | Collection code | Home library | Current library | Shelving location | Date acquired | Source of acquisition | Total Checkouts | Total Renewals | Full call number | Barcode | Date last seen | Date checked out | Cost, replacement price | Price effective from | Koha item type | Checked out |
|---|---|---|---|---|---|---|---|---|---|---|---|---|---|---|---|---|---|---|---|---|
| Missing | Dewey Decimal Classification | Children Movies | Wasatch County Library | Wasatch County Library | Audio Visual Area | 11/16/2020 | Baker & Taylor | 24 | 27 | E DVD Pri | 34301001702689 | 01/23/2025 | 08/19/2024 | 9.99 | 11/16/2020 | DVD | ||||
| Dewey Decimal Classification | Children Movies | Wasatch County Library | Wasatch County Library | Audio Visual Area | 07/22/2025 | Amazon | 7 | 15 | E Movie Prince of Egypt | 34301002162065 | 03/10/2026 | 03/10/2026 | 12.77 | 07/22/2025 | DVD | 03/30/2026 |
